000 00287nam a22001337a 4500
008 170208b xxu||||| |||| 00| 0 eng d
020 _a9780071472470
041 _aeng
080 _a61
100 _a4
101 _aSHM
245 _aCURRENT MEDICAL DIAGNOSIS
_cMCPHEE
942 _2udc
_cBK
999 _c4931
_d4931